000 00282nam a22001217a 4500
008 170505b xxu||||| |||| 00| 0 eng d
041 _aeng
080 _a34
100 _a14
101 _aSHJ
245 _aAMERICAN JURISPRUDENCE PLEADING AND PRACTICE
_cA.C
942 _2udc
_cBK
999 _c12787
_d12787